Southville International School and Colleges
Your cart is empty.
  • Cart
  • Lists
    Public lists list_1 View all
    Your lists Log in to create your own lists
  • Log in to your account
  • Your cookies
  • Search history
Southville International School and Colleges
  • Advanced search
  • Recent comments
  • Most popular
  • Libraries

Log in to your account

Log in with GOOGLE


If you do not have an external account, but do have a local account, you can still log in:

  1. Home
  2. MARC view: Bones and joints :
Normal view MARC view ISBD view

Bones and joints : (Record no. 20533)

[ view plain ]
MARC details
000 -LEADER
fixed length control field 00370nam a2200157 a 4500
005 - DATE AND TIME OF LATEST TRANSACTION
control field 20140310183234.0
008 - FIXED-LENGTH DATA ELEMENTS--GENERAL INFORMATION
fixed length control field 040709s19uu xx 00 eng d
050 ## - LIBRARY OF CONGRESS CALL NUMBER
Classification number QM 101
Item number .N277 2002
100 ## - MAIN ENTRY--PERSONAL NAME
Personal name NTTC
245 ## - TITLE STATEMENT
Title Bones and joints :
Remainder of title AP5 /
Statement of responsibility, etc NTTC.
260 ## - PUBLICATION, DISTRIBUTION, ETC. (IMPRINT)
Date of publication, distribution, etc 2002.
300 ## - PHYSICAL DESCRIPTION
Extent 64 p. :
Dimensions 23 cm.
942 ## - ADDED ENTRY ELEMENTS (KOHA)
Koha item type Books
Source of classification or shelving scheme Library of Congress Classification
Call number prefix Local
Holdings
Withdrawn status Lost status Source of classification or shelving scheme Damaged status Home library Current library Shelving location Date acquired Total Checkouts Full call number Barcode Date last seen Copy number Price effective from Koha item type
    Library of Congress Classification   College Library College Library Filipiniana Section 07/09/2004   QM 101 .N277 2002 C4614 05/08/2018 1 03/10/2014 Books
    Library of Congress Classification   College Library College Library Filipiniana Section 12/16/2013   QM 101 .N277 2002 C4615 05/08/2018 2 12/16/2013 Books

Bones and joints :

APA

NTTC, . (2002). Bones and joints. : .

Chicago

NTTC, . 2002. Bones and joints. : .

Harvard

NTTC, . (2002). Bones and joints. : .

MLA

NTTC, . Bones and joints. : . 2002.

  • Place hold
  • Print
  • Cite
  • Add to your cart (remove)
  • Save record
    BIBTEX Dublin Core MARCXML MARC (non-Unicode/MARC-8) MARC (Unicode/UTF-8) MARC (Unicode/UTF-8, Standard) MODS (XML) RIS
  • More searches
    Search for this title in:
    Other Libraries (WorldCat) Other Databases (Google Scholar) Online Stores (Bookfinder.com) Open Library (openlibrary.org)

Exporting to Dublin Core...

SOUTHVILLE LIBRARY

Southville International School and Colleges Library

1281 Tropical Ave. Cor. Luxembourg St., BF Homes International, Las Pinas City

Tel. No. 8256374 / 252358 Loc. 117/146

Powered by Koha